MDQL
is popping MORE tags! Check the
thread
!
Quizzes
Events
Quiz Creation
Community
Videos
Private Events
Remove Ads
Sign In
Join for FREE
Feedback
Dark Mode
Quiz Categories
Sports
Geography
Music
Movies
Television
Just For Fun
Miscellaneous
History
Literature
Language
Science
Gaming
Entertainment
Religion
Holiday
For Kids
Quiz Lab
Recent
Popular Today
Quiz Kudos Today
Editor Picks
Curator Picks
Quizzes by...
Day
Popularity
Type
Ratings
Length
Year
Community
Subscriptions
Recent Discussions
Orange Saloon
Badges
Playlists
Quests
Create
Leaderboards
Showdown
Live 5
Trivia Bingo
Activity
Puzzle Library
Sporcle Events
Private Events
Virtual Trivia
Globe League
Become a Host
Pub Owners
SporcleCon
Opinionation
Our Games
Videos
Blog
Mobile Apps
Partnerships
Remove Ads and Go Orange
Feedback
Sports
Athletes
MLB
NBA
NHL
NFL
Soccer
Sports Teams
WWE
NCAA
Football
Premier League
Basketball
Baseball
Hockey
Golf
Tennis
Cricket
Rugby
Auto Racing
Olympics
World Cup
Sports
Athletes
MLB
NBA
NHL
NFL
Soccer
Sports Teams
WWE
NCAA
Football
Premier League
Basketball
Baseball
Hockey
Golf
Tennis
Cricket
Rugby
Auto Racing
Olympics
World Cup
Random Quiz
Search Sporcle
×
Quiz Lab
Quiz Lab
Sports
NBA
Type in answers that appear in a list
Type in answers that appear in a list
Classic
Best Score? Go Orange.
Top 100 NBA Players of the 2016-17 Season Stats
Can you name the Top 100 NBA Players of the 2016-17 Season?
By
Goldy203
10m
100 Questions
18 Plays
18 Plays
18 Plays
Comments
Comments
Give Quiz Kudos
Give Quiz Kudos
-
- Ratings
hide this ad
Replay
Link that replays current quiz
Next Quiz
Link to next quiz in quiz playlist
You Got
0%
They Got
Avg Score
55%
Avg Friend Score
Upgrade to see
Score Distribution
Jump to the score distribution portion of the page
Score
0/100
Timer
10:00
0
Plays Today
Team:
Player:
% Correct
Cleveland Cavaliers
Lebron James
94.4%
Houston Rockets
James Harden
88.9%
Oklahoma City Thunder
Russell Westbrook
83.3%
Golden State Warriors
Kevin Durant
83.3%
Golden State Warriors
Stephen Curry
83.3%
San Antonio Spurs
Kawhi Leonard
77.8%
Chicago Bulls
Jimmy Butler
77.8%
Washington Wizards
John Wall
77.8%
Toronto Raptors
Demar Derozan
77.8%
Utah Jazz
Rudy Gobert
77.8%
Boston Celtics
Isaiah Thomas
77.8%
New Orleans Pelicans
Anthony Davis
77.8%
Los Angeles Clippers
Chris Paul
77.8%
Cleveland Cavaliers
Kyrie Irving
77.8%
New Orleans Pelicans
DeMarcus Cousins
77.8%
Minnesota Timberwolves
Karl-Anthony Towns
77.8%
Memphis Grizzlies
Marc Gasol
77.8%
Los Angeles Clippers
DeAndre Jordan
77.8%
Los Angeles Clippers
Blake Griffin
77.8%
Portland Trail Blazers
Damian Lillard
77.8%
Utah Jazz
Gordon Hayward
77.8%
Washington Wizards
Bradley Beal
77.8%
Toronto Raptors
Kyle Lowry
77.8%
Golden State Warriors
Klay Thompson
77.8%
Cleveland Cavaliers
Kevin Love
77.8%
Phoenix Suns
Eric Bledsoe
77.8%
Philadelphia 76ers
Joel Embiid
77.8%
Boston Celtics
Al Horford
77.8%
Miami Heat
Hassan Whiteside
77.8%
Minnesota Timberwolves
Andrew Wiggins
77.8%
Phoenix Suns
Devin Booker
77.8%
New York Knicks
Carmelo Anthony
77.8%
Milwaukee Bucks
Giannis Antetokounmpo
72.2%
Golden State Warriors
Draymond Green
72.2%
Team:
Player:
% Correct
Indiana Pacers
Paul George
72.2%
Memphis Grizzlies
Mike Conley
72.2%
Charlotte Hornets
Kemba Walker
72.2%
Denver Nuggets
Nikola Jokic
72.2%
Portland Trail Blazers
CJ McCollum
72.2%
San Antonio Spurs
LaMarcus Aldridge
72.2%
Atlanta Hawks
Dwight Howard
72.2%
Brooklyn Nets
Brook Lopez
72.2%
New York Knicks
Kristaps Porzingis
72.2%
Detroit Pistons
Andre Drummond
72.2%
Atlanta Hawks
Paul Millsap
66.7%
Indiana Pacers
Myles Turner
66.7%
Boston Celtics
Jae Crowder
66.7%
San Antonio Spurs
Pau Gasol
66.7%
Boston Celtics
Avery Bradley
66.7%
Indiana Pacers
Jeff Teague
61.1%
Miami Heat
Goran Dragic
61.1%
Golden State Warriors
Andre Iguodala
55.6%
Oklahoma City Thunder
Steven Adams
55.6%
San Antonio Spurs
Patty Mills
50%
Houston Rockets
Trevor Ariza
50%
Chicago Bulls
Dwyane Wade
50%
Minnesota Timberwolves
Ricky Rubio
50%
San Antonio Spurs
Manu Ginobili
50%
Milwaukee Bucks
Jabari Parker
50%
New Orleans Pelicans
Jrue Holiday
50%
Dallas Mavericks
Harrison Barnes
50%
Atlanta Hawks
Dennis Schroder
50%
Houston Rockets
Clint Capela
50%
Houston Rockets
Eric Gordon
44.4%
San Antonio Spurs
Danny Green
44.4%
Cleveland Cavaliers
Tristan Thompson
44.4%
Minnesota Timberwolves
Zach LaVine
38.9%
Utah Jazz
George Hill
38.9%
Team:
Player:
% Correct
Houston Rockets
Patrick Beverley
38.9%
Los Angeles Lakers
D'Angelo Russell
38.9%
Oklahoma City Thunder
Victor Oladipo
38.9%
Toronto Raptors
Serge Ibaka
33.3%
Washington Wizards
Otto Porter Jr.
33.3%
Houston Rockets
Ryan Anderson
33.3%
Orlando Magic
Elfrid Payton
33.3%
Los Angeles Clippers
JJ Redick
33.3%
Cleveland Cavaliers
J.R. Smith
33.3%
Oklahoma City Thunder
Enes Kanter
33.3%
Detroit Pistons
Kentavious Caldwell-Pope
27.8%
Charlotte Hornets
Nicolas Batum
27.8%
Portland Trail Blazers
Jusuf Nurkic
27.8%
Orlando Magic
Aaron Gordon
27.8%
Phoenix Suns
Brandon Knight
27.8%
Orlando Magic
Nikola Vucevic
27.8%
Milwaukee Bucks
Malcolm Brogdon
27.8%
Houston Rockets
Lou Williams
27.8%
Charlotte Hornets
Cody Zeller
27.8%
Orlando Magic
Evan Fournier
27.8%
Denver Nuggets
Danilo Gallinari
22.2%
Atlanta Hawks
Kent Bazemore
22.2%
Denver Nuggets
Kenneth Faried
22.2%
Chicago Bulls
Robin Lopez
22.2%
Sacramento Kings
Rudy Gay
22.2%
Brooklyn Nets
Jeremy Lin
22.2%
Minnesota Timberwolves
Gorgui Dieng
22.2%
Utah Jazz
Joe Ingles
22.2%
Oklahoma City Thunder
Andre Roberson
22.2%
Dallas Mavericks
Wesley Matthews
16.7%
Orlando Magic
Terrence Ross
16.7%
Memphis Grizzlies
Vince Carter
11.1%
Quiz Playlist
Details
Report
Send in Message
Add To Playlist
Classic:
Type in answers that appear in a list
Last Updated: Sep 4, 2017
Quiz Scoreboard
CHALLENGE
Sign Up to Join the Scoreboard
Show All
Scores
Hide
Comments
May contain spoilers
Recently Published
Holiday 10x10 Sorting Gallery
by lukepisani3
Holiday
15m
Two Season TV Shows II
by 123Four
Television
10m
Image Sorting: Flags VI
by Barbecue
Geography
2m
More to Explore
Quiz From the Vault
Featured Blog Post
14 Easter Pick-up Lines to Find Eggs With
hide this ad
You Might Also Like...
Tags
NBA Quiz
100
Player
season
team
Top 100
Today's Top Quizzes in Sports
Browse Sports
hide this ad
Today's Top Quizzes in NBA
Browse NBA
Top Contributed Quizzes in Sports
1
Les meilleurs buteurs des matchs entre le PSG et l’OM
2
Les entraîneurs de l'OM et du PSG au 21e siècle
3
2022 World Cup Stars
4
Players with Multiple 50 Home Run Seasons
5
Les joueurs passés par le PSG et l'OM
6
FIFA Club World Cup Champions
7
Top 10 NHL Goal Scorers of All Time
8
Criteria MLB: Left Handed Sluggers
9
Les joueurs passés par le LOSC et le RC Lens
10
2023 MLB Unique Player Accomplishments
Explore More
Trending Topics
Disney
Kpop
Crossword
Marvel
NBA
Harry Potter
Anime
Soccer
Country
WWE
Pokémon
Song
NFL
Puzzle
The Office
hide this ad
More By:
Goldy203
Quiz
Plays
Rating
Category
Featured
Created
Top 100 NBA Players of the 2016-17 Season
18
1.00
Sports
Sep 2, 2017
Go to Creator's Profile
Score Distribution
Quiz Creator Spotlight
Goldy203
Follow
Send a Message
Quizzes Created
-
Created Quiz Play Count
-
More By This Creator
Popular Quizzes Today
1
Find the US States - No Outlines Minefield
2
Colored Red Africa Blitz
3
Find the 'City' Movie
4
The Countries of the World
5
Find the US States
6
5x2 Blitz: Bands
7
Find the Countries of Europe - No Outlines Minefield
8
US States
More Sports Quizzes
Denver Broncos: A Brief History
Curator's Pick
Trending Quizzes
Colored Red Europe Blitz I
Colored Red Europe Blitz II
Colored Red Africa Blitz II
Colored Red Europe Blitz III
Colored Red Africa Blitz III
Recently Updated
Odd Team Out - Big 4 Players
pecheneg
Quick Pick: 20 Twenties
pecheneg
March Madness Men's Triple Doubles
pecheneg
How Do You Spell That?
pecheneg
Godzilla Movies
pecheneg
Grab Bag: 4-10 Letters
pecheneg
2024 March Madness Bracket
pecheneg
Famous TV Couples
Peacemaker
Champions League XIs: Real Madrid
pecheneg
Largest US Cities 1790-2010
pecheneg
Trending Topics
Harry Potter
Marvel
Kpop
Anime
NBA
Crossword
Disney
Pokémon
Soccer
The Office
NFL
Country
WWE
Puzzle
Song
Your Account Isn't Verified!
In order to create a playlist on Sporcle, you need to verify the email address you used during registration. Go to your
Sporcle Settings
to finish the process.
Report this User
Report this user for behavior that violates our
Community Guidelines
.
Details:
Send Report
Go to the Sporcle.com Mobile Site →
Comments